000 00213nam a22000977a 4500
008 160511b xxu||||| |||| 00| 0 eng d
041 _aeng
080 _a61
245 _aREVISTAT ANNALS OF SURGERY;
942 _2udc
_cBK
999 _c2025
_d2025